[Event "London Classic op 10th"]
[Site "London"]
[Date "2018.12.15"]
[Round "8"]
[White "Tozer, Philip AA"]
[Black "Kromhout, Ewan"]
[Result "1-0"]
[WhiteElo "2137"]
[BlackElo "2019"]
[PlyCount "129"]
[EventDate "2018.12.09"]
[EventType "swiss"]
[EventRounds "9"]
[EventCountry "ENG"]
[SourceTitle "CBM 187 Extra"]
[Source "ChessBase"]
[SourceDate "2018.11.04"]
[SourceVersion "1"]
[SourceVersionDate "2018.11.04"]
[SourceQuality "1"]

1. c4 e6 2. g3 d5 3. Bg2 Nf6 4. Nf3 dxc4 5. Na3 Bd7 6. Ne5 Bc6 7. Nxc6 Nxc6 8. Nxc4 Nd5 9. 0-0 Qd7 10. d4 Rd8 11. e4 Ndb4 12. d5 exd5 13. exd5 Nxd5 14. Qh5 Nf6 15. Qb5 Bd6 16. Qxb7 Nd4 17. Qxa7 Ne2+ 18. Kh1 0-0 19. Nxd6 Qxd6 20. Bg5 Rfe8 21. a4 Rb8 22. Bxf6 Qxf6 23. Qxc7 Qxb2 24. a5 Rec8 25. Qd6 Nc3 26. a6 Nb5 27. Qf4 Na7 28. Be4 Qe2 29. Bb7 Rd8 30. Rfe1 Qb2 31. Qe3 Qd4 32. Qxd4 Rxd4 33. Rac1 Kf8 34. Rc7 Nb5 35. Rce7 Rd6 36. Kg2 g6 37. R7e3 Na7 38. Rc1 Rb6 39. Rc7 Nb5 40. Rd7 Rf6 41. Rf3 Rxf3 42. Bxf3 Rb6 43. a7 Nxa7 44. Rxa7 Rd6 45. Be2 Rd4 46. Kf3 h5 47. Ke3 Rb4 48. h4 Kg7 49. Rd7 Kf6 50. Ra7 Ke6 51. Bd3 f5 52. Ra6+ Kf7 53. Rc6 Kg7 54. Bc4 Ra4 55. Kf4 Kh6 56. Ke5 Ra5+ 57. Bd5 Rb5 58. Rd6 Kg7 59. Rd7+ Kh6 60. Kf6 Rb6+ 61. Be6 Ra6 62. Re7 Ra4 63. Rg7 Rg4 64. Bg8 g5 65. Rg6# 1-0

[Event "London Classic op 10th"]
[Site "London"]
[Date "2018.12.11"]
[Round "3"]
[White "Jaufarally, Nadia"]
[Black "Tozer, Philip AA"]
[Result "0-1"]
[WhiteElo "1833"]
[BlackElo "2137"]
[PlyCount "64"]
[EventDate "2018.12.09"]
[EventType "swiss"]
[EventRounds "9"]
[EventCountry "ENG"]
[SourceTitle "CBM 187 Extra"]
[Source "ChessBase"]
[SourceDate "2018.11.04"]
[SourceVersion "1"]
[SourceVersionDate "2018.11.04"]
[SourceQuality "1"]

1. e4 e6 2. d4 d5 3. Nd2 Nf6 4. e5 Nfd7 5. c3 c5 6. Bd3 Nc6 7. Ne2 cxd4 8. cxd4 f6 9. exf6 Nxf6 10. Nf3 Bd6 11. 0-0 Qc7 12. Nc3 a6 13. h3 0-0 14. Bd2 Bd7 15. Rc1 Rae8 16. Re1 Qb8 17. a3 e5 18. dxe5 Nxe5 19. Nxe5 Bxe5 20. Qb3 Bc6 21. Ne4 Kh8 22. Nc5 Bd4 23. Rxe8 Qxe8 24. Qb4 Qe5 25. Nxb7 Bxf2+ 26. Kh1 Kg8 27. Bc3 d4 28. Bxd4 Bxg2+ 29. Kxg2 Qg3+ 30. Kf1 Qxd3+ 31. Kxf2 Ng4+ 32. Kg2 Qf3+ 0-1

[Event "GBR-ch 105th"]
[Site "Hull"]
[Date "2018.07.30"]
[Round "3"]
[White "Tozer, Philip AA"]
[Black "Pollack, Oscar"]
[Result "1-0"]
[WhiteElo "2142"]
[BlackElo "2064"]
[PlyCount "91"]
[EventDate "2018.07.28"]
[EventType "swiss"]
[EventRounds "9"]
[EventCountry "ENG"]
[SourceTitle "CBM 185 Extra"]
[Source "ChessBase"]
[SourceDate "2018.07.29"]
[SourceVersion "1"]
[SourceVersionDate "2018.07.29"]
[SourceQuality "1"]

1. c4 e5 2. g3 Nc6 3. Nc3 f5 4. Nf3 Nf6 5. d4 e4 6. Nh4 d6 7. Bg5 Be7 8. Ng2 0-0 9. Nf4 Ng4 10. Bxe7 Nxe7 11. h3 Nf6 12. e3 c5 13. Be2 Nc6 14. Qd2 a6 15. Rd1 cxd4 16. exd4 Qe8 17. Nfd5 Nxd5 18. Nxd5 Qd8 19. h4 Ne7 20. Nf4 Bd7 21. Kf1 b5 22. Qb4 Qb6 23. c5 dxc5 24. dxc5 Qb7 25. Qb3+ Kh8 26. h5 h6 27. Kg2 Rac8 28. Qc3 Rf6 29. Qe5 Re8 30. Qc3 Nc6 31. Ng6+ Kh7 32. Rd6 Rxd6 33. cxd6 Qb6 34. Rd1 Qd8 35. a4 bxa4 36. Bxa6 Qb6 37. Be2 Rb8 38. Rd2 Re8 39. Rc2 Rc8 40. Qd2 Re8 41. Qe3 Qb4 42. Qc5 Qb8 43. Bb5 Rc8 44. Qd5 Qb6 45. Bxc6 Rxc6 46. Nf8+ 1-0

[Event "Basingstoke 4NCL Spring Bank op-A 1st"]
[Site "Basingstoke"]
[Date "2018.05.27"]
[Round "5"]
[White "Tozer, Philip AA"]
[Black "Howell, Oliver W"]
[Result "1-0"]
[WhiteElo "2171"]
[BlackElo "1831"]
[PlyCount "107"]
[EventDate "2018.05.25"]
[EventType "swiss"]
[EventRounds "7"]
[EventCountry "ENG"]
[SourceTitle "CBM 184 Extra"]
[Source "ChessBase"]
[SourceDate "2018.06.28"]
[SourceVersion "1"]
[SourceVersionDate "2018.06.28"]
[SourceQuality "1"]

1. c4 e6 2. g3 f5 3. Bg2 Nf6 4. Nf3 Be7 5. 0-0 0-0 6. Nc3 d6 7. a3 a5 8. d3 Qe8 9. Bd2 e5 10. Rc1 Qh5 11. Nd5 Bd8 12. b4 axb4 13. axb4 f4 14. Nxf6+ Rxf6 15. e3 Bh3 16. exf4 Bxg2 17. Kxg2 exf4 18. Bxf4 Ra3 19. Qd2 g5 20. Nxg5 Rxf4 21. Qxf4 Qxg5 22. Qe4 Nc6 23. Ra1 Rxa1 24. Rxa1 Nxb4 25. Rb1 Na6 26. Rxb7 Nc5 27. Qe8+ Kg7 28. Rb8 Be7 29. h4 Qf6 30. Qg8+ Kh6 31. Qd5 Qe5 32. Qf3 Ne6 33. Qe3+ Qxe3 34. fxe3 Kg6 35. Kf3 c5 36. Rb7 Kf6 37. Ke4 Ng7 38. g4 Ke6 39. d4 Ne8 40. g5 Ng7 41. Rb8 Kf7 42. dxc5 dxc5 43. Ke5 Kg6 44. Rb6+ Kf7 45. Rh6 Bf8 46. Rxh7 Kg8 47. Rh6 Ne8 48. Re6 Nc7 49. Rc6 Ne8 50. Kd5 Kf7 51. h5 Ng7 52. Rc7+ Be7 53. Rxe7+ Kxe7 54. h6 1-0

[Event "Basingstoke 4NCL Spring Bank op-A 1st"]
[Site "Basingstoke"]
[Date "2018.05.26"]
[Round "2"]
[White "Tombolis, Christopher"]
[Black "Tozer, Philip AA"]
[Result "1/2-1/2"]
[WhiteElo "1864"]
[BlackElo "2171"]
[PlyCount "101"]
[EventDate "2018.05.25"]
[EventType "swiss"]
[EventRounds "7"]
[EventCountry "ENG"]
[SourceTitle "CBM 184 Extra"]
[Source "ChessBase"]
[SourceDate "2018.06.28"]
[SourceVersion "1"]
[SourceVersionDate "2018.06.28"]
[SourceQuality "1"]

1. d4 e6 2. Nf3 Nf6 3. c4 c5 4. d5 exd5 5. cxd5 d6 6. Nc3 g6 7. e4 Bg7 8. Be2 0-0 9. 0-0 Bg4 10. Nd2 Bxe2 11. Qxe2 a6 12. a4 Nbd7 13. Nc4 Qe7 14. Bf4 Ne8 15. a5 Ne5 16. Bxe5 Bxe5 17. Nxe5 Qxe5 18. f4 Qd4+ 19. Qf2 Qxf2+ 20. Rxf2 Nc7 21. e5 Rad8 22. exd6 Rxd6 23. Ne4 Rdd8 24. Rd1 f5 25. Nxc5 Rxd5 26. Rxd5 Nxd5 27. Nxb7 Rb8 28. Nd6 Rb4 29. g3 Ra4 30. Nb7 Rb4 31. Nc5 Rb5 32. Nxa6 Rxa5 33. Rd2 Nf6 34. Nb4 Rb5 35. Rd4 Ne4 36. Nd3 Ra5 37. Nf2 Nf6 38. h3 Kf7 39. g4 fxg4 40. Nxg4 Nd5 41. Ne5+ Ke6 42. Nc4 Rb5 43. Re4+ Kf6 44. Re5 Rb4 45. Rxd5 Rxc4 46. Rd2 Rxf4 47. Rf2 Rxf2 48. Kxf2 g5 49. Ke3 Ke5 50. b4 h5 51. b5 1/2-1/2

[Event "BCF-chT3Sa 1718 (4NCL)"]
[Site "England"]
[Date "2018.01.14"]
[Round "4.41"]
[White "Tozer, Philip AA"]
[Black "Britton, Richard"]
[Result "0-1"]
[WhiteElo "2132"]
[BlackElo "2221"]
[PlyCount "98"]
[EventDate "2017.11.11"]
[EventType "team-tourn"]
[EventRounds "11"]
[EventCountry "ENG"]
[SourceTitle "EXT 2020"]
[Source "ChessBase"]
[SourceDate "2019.10.17"]
[SourceVersion "1"]
[SourceVersionDate "2019.10.17"]
[SourceQuality "1"]
[WhiteTeam "Anglian Avengers II"]
[BlackTeam "Hackney"]
[WhiteTeamCountry "ENG"]
[BlackTeamCountry "ENG"]

1. c4 Nf6 2. g3 g6 3. Nc3 Bg7 4. Bg2 0-0 5. e4 c5 6. Nge2 Nc6 7. 0-0 d6 8. d3 Bd7 9. h3 Ne8 10. Be3 e5 11. Qd2 Nd4 12. f4 a6 13. Rf2 Rb8 14. Raf1 f5 15. Nd5 Be6 16. fxe5 dxe5 17. Bg5 Nf6 18. Nxd4 cxd4 19. exf5 gxf5 20. g4 Kh8 21. gxf5 Bxd5 22. Bxd5 Qc7 23. Be6 Rbe8 24. Rg2 Nh5 25. Bh6 Rf6 26. Bxg7+ Nxg7 27. Qg5 Ref8 28. Bd5 h6 29. Qh4 Nxf5 30. Rxf5 Rxf5 31. Qxh6+ Qh7 32. Qxh7+ Kxh7 33. Be4 Kh6 34. Bxf5 Rxf5 35. Rg3 Rf6 36. Kg2 b5 37. b3 bxc4 38. bxc4 a5 39. Rf3 Re6 40. Kf2 Kg5 41. Ke1 Rb6 42. Rf2 Rb1+ 43. Ke2 a4 44. Kf3 Kf5 45. h4 Re1 46. Re2 Rd1 47. Rc2 Rxd3+ 48. Ke2 Rh3 49. c5 d3+ 0-1

[Event "London Kings Place Rapid op 5th"]
[Site "London"]
[Date "2017.07.08"]
[Round "1"]
[White "Tozer, Philip AA"]
[Black "Howell, David"]
[Result "0-1"]
[WhiteElo "2141"]
[BlackElo "2702"]
[PlyCount "70"]
[EventDate "2017.07.08"]
[EventType "swiss (rapid)"]
[EventRounds "6"]
[EventCountry "ENG"]
[SourceTitle "CBM 179 Extra"]
[Source "ChessBase"]
[SourceDate "2017.08.23"]
[SourceVersion "1"]
[SourceVersionDate "2017.08.23"]
[SourceQuality "1"]

1. c4 b6 2. Nc3 Bb7 3. e4 c5 4. g3 Nc6 5. Bg2 g6 6. Nge2 Bg7 7. 0-0 d6 8. d3 e6 9. Be3 Nd4 10. Qd2 h5 11. Bg5 Qd7 12. Rae1 Ne7 13. Qc1 Nec6 14. Nxd4 Nxd4 15. Ne2 Nc6 16. Rd1 Rc8 17. Be3 b5 18. f4 h4 19. Qd2 hxg3 20. hxg3 Nd4 21. b4 Nxe2+ 22. Qxe2 cxb4 23. cxb5 Qxb5 24. Qf2 a5 25. f5 gxf5 26. exf5 Bxg2 27. fxe6 Rh1+ 28. Kxg2 Qd5+ 29. Qf3 Qxf3+ 30. Kxf3 Rxf1+ 31. Rxf1 fxe6 32. Rf2 Rc3 33. Rd2 a4 34. Ke2 a3 35. d4 Rxe3+ 0-1

[Event "BCF-chT3Sb 1617 (4NCL)"]
[Site "England"]
[Date "2016.11.26"]
[Round "1.53"]
[White "Chin, Fong Stephen"]
[Black "Tozer, Philip AA"]
[Result "1/2-1/2"]
[WhiteElo "2139"]
[BlackElo "2143"]
[PlyCount "104"]
[EventDate "2016.11.26"]
[EventType "team-tourn"]
[EventRounds "11"]
[EventCountry "ENG"]
[SourceTitle "EXT 2019"]
[Source "ChessBase"]
[SourceDate "2018.10.10"]
[SourceVersion "1"]
[SourceVersionDate "2018.10.10"]
[SourceQuality "1"]
[WhiteTeam "Hackney"]
[BlackTeam "Anglian Avengers II"]
[WhiteTeamCountry "ENG"]
[BlackTeamCountry "ENG"]

1. d4 e6 2. c4 f5 3. g3 Nf6 4. Nc3 d5 5. Bg2 c6 6. Nf3 Bd6 7. 0-0 0-0 8. b3 b6 9. Bb2 Bb7 10. e3 Nbd7 11. Ne2 Qe7 12. Rc1 Ne4 13. Rc2 Rac8 14. Qa1 c5 15. Ne5 Bxe5 16. dxe5 dxc4 17. bxc4 Nb8 18. f3 Ng5 19. h4 Nf7 20. Rd1 Rcd8 21. Rcd2 Ba6 22. Qc1 Nc6 23. Rxd8 Rxd8 24. Rxd8+ Nfxd8 25. Nf4 Nf7 26. Nd3 Na5 27. f4 Bxc4 28. Nf2 Bxa2 29. e4 g6 30. Bc3 c4 31. Qd2 Bb3 32. Bxa5 bxa5 33. Qxa5 Qd7 34. Kh2 h5 35. Nh3 Bc2 36. exf5 Bxf5 37. Qc5 Qd3 38. Qxa7 c3 39. Ng5 Nxg5 40. hxg5 Qd8 41. Qc5 c2 42. Qc6 Kf7 43. Qc4 Be4 44. Qc3 Bf5 45. Qc4 Qd7 46. Qc3 Qa7 47. Qc6 Qd4 48. Qc7+ Kf8 49. Qc8+ Ke7 50. Qc7+ Qd7 51. Qc5+ Kd8 52. Qc3 Qc7 1/2-1/2

[Event "High Wycombe e2e4 op 03"]
[Site "High Wycombe"]
[Date "2014.03.14"]
[Round "1"]
[White "Tozer, Philip AA"]
[Black "Gibbs, Dominic V"]
[Result "1-0"]
[WhiteElo "2147"]
[BlackElo "1943"]
[PlyCount "59"]
[EventDate "2014.03.14"]
[EventType "swiss"]
[EventRounds "5"]
[EventCountry "ENG"]
[SourceTitle "CBM 159 Extra"]
[Source "ChessBase"]
[SourceDate "2014.04.24"]
[SourceVersion "1"]
[SourceVersionDate "2014.04.24"]
[SourceQuality "1"]

1. c4 f5 2. g3 Nf6 3. Bg2 g6 4. Nc3 Bg7 5. d3 0-0 6. e4 fxe4 7. dxe4 d6 8. Nge2 c5 9. 0-0 Nc6 10. h3 e5 11. Nd5 Be6 12. f4 Qd7 13. Kh2 Nh5 14. Rb1 exf4 15. gxf4 Rf7 16. Be3 Raf8 17. Qd2 b6 18. b3 Bxd5 19. Qxd5 Ne7 20. Qd2 g5 21. fxg5 Be5+ 22. Kg1 Kg7 23. Rxf7+ Rxf7 24. Rf1 Ng6 25. Rxf7+ Qxf7 26. Qc1 Ngf4 27. Qf1 Nxe2+ 28. Qxe2 Nf4 29. Qg4 Qe6 30. Bxf4 1-0

[Event "West Bromwich e2e4 op"]
[Site "West Bromwich"]
[Date "2014.02.22"]
[Round "3"]
[White "Paul, Nathanael"]
[Black "Tozer, Philip AA"]
[Result "0-1"]
[WhiteElo "1890"]
[BlackElo "2140"]
[PlyCount "46"]
[EventDate "2014.02.21"]
[EventType "swiss"]
[EventRounds "5"]
[EventCountry "ENG"]
[SourceTitle "CBM 159 Extra"]
[Source "ChessBase"]
[SourceDate "2014.04.24"]
[SourceVersion "1"]
[SourceVersionDate "2014.04.24"]
[SourceQuality "1"]

1. e4 e6 2. d4 d5 3. exd5 exd5 4. Nf3 Nf6 5. Be2 Be7 6. 0-0 Bg4 7. c3 0-0 8. Na3 Nbd7 9. Nc2 c6 10. Ne3 Bxf3 11. Bxf3 Ne4 12. Bxe4 dxe4 13. Nf5 Nf6 14. Re1 Re8 15. Bg5 Qd5 16. Nxe7+ Rxe7 17. Bxf6 gxf6 18. Re3 Kh8 19. b3 Rg8 20. Qe2 f5 21. Re1 f4 22. Rh3 Rxg2+ 23. Kh1 e3 0-1

[Event "West Bromwich e2e4 op"]
[Site "West Bromwich"]
[Date "2014.02.22"]
[Round "2"]
[White "Tozer, Philip AA"]
[Black "Truman, Richard G"]
[Result "0-1"]
[WhiteElo "2140"]
[BlackElo "1963"]
[PlyCount "110"]
[EventDate "2014.02.21"]
[EventType "swiss"]
[EventRounds "5"]
[EventCountry "ENG"]
[SourceTitle "CBM 159 Extra"]
[Source "ChessBase"]
[SourceDate "2014.04.24"]
[SourceVersion "1"]
[SourceVersionDate "2014.04.24"]
[SourceQuality "1"]

1. c4 e5 2. g3 Nf6 3. Bg2 Nc6 4. Nc3 Bb4 5. Nd5 Bc5 6. Nf3 0-0 7. 0-0 d6 8. d3 h6 9. a3 a5 10. Rb1 Nd4 11. Nxd4 exd4 12. b4 axb4 13. axb4 Ba7 14. b5 Bc5 15. e4 c6 16. bxc6 bxc6 17. Nf4 Bg4 18. f3 Bd7 19. Ne2 Ra2 20. Bd2 Qa8 21. Nc1 Ra3 22. Nb3 Rb8 23. Nxc5 dxc5 24. Qc2 Rxb1 25. Rxb1 Kh7 26. Kf2 Be6 27. h3 Ra2 28. Rb2 Ra1 29. g4 Nd7 30. f4 f6 31. e5 fxe5 32. f5 Bf7 33. h4 Kg8 34. g5 hxg5 35. hxg5 Bh5 36. Bc1 Qf8 37. Bh3 g6 38. Rb7 Qe8 39. Rb3 Qf8 40. Rb7 Qc8 41. Rb2 Qf8 42. f6 Nxf6 43. gxf6 Qxf6+ 44. Kg3 Qf3+ 45. Kh2 g5 46. Be6+ Kg7 47. Qd2 Kf6 48. Bc8 Qf4+ 49. Qxf4+ exf4 50. Rc2 Bd1 51. Bb2 Bxc2 52. Bxa1 Bxd3 53. Ba6 g4 54. Bb2 g3+ 55. Kg1 f3 0-1

[Event "BCF-chT2a 1314 (4NCL)"]
[Site "England"]
[Date "2014.01.12"]
[Round "4.24"]
[White "Tozer, Philip AA"]
[Black "Gregory, Keith D"]
[Result "1/2-1/2"]
[WhiteElo "2141"]
[BlackElo "2035"]
[PlyCount "72"]
[EventDate "2013.11.16"]
[EventType "team-swiss"]
[EventRounds "11"]
[EventCountry "ENG"]
[SourceTitle "EXT 2015"]
[Source "ChessBase"]
[SourceDate "2014.11.20"]
[SourceVersion "1"]
[SourceVersionDate "2014.11.20"]
[SourceQuality "1"]
[WhiteTeam "Anglian Avengers"]
[BlackTeam "Wessex"]
[WhiteTeamCountry "ENG"]
[BlackTeamCountry "ENG"]

1. c4 d6 2. g3 e5 3. Bg2 Nc6 4. Nc3 Be6 5. d3 Qd7 6. Rb1 Nge7 7. b4 Nd8 8. Nf3 f6 9. 0-0 h5 10. Qb3 Bh3 11. d4 h4 12. dxe5 Bxg2 13. Kxg2 hxg3 14. fxg3 Qh3+ 15. Kg1 dxe5 16. Qa4+ Nec6 17. Be3 Ne6 18. Ne4 Qg4 19. Nc5 Bxc5 20. bxc5 Qe4 21. Rb3 0-0 22. Nd2 Qc2 23. Qa3 Ncd4 24. Rb2 Qg6 25. Bxd4 Nxd4 26. Nf3 Qe4 27. Nxd4 Qxd4+ 28. e3 Qe4 29. Rd1 Rad8 30. Rbd2 Rxd2 31. Rxd2 b6 32. Rd7 Qc6 33. Qd3 Qxc5 34. Qg6 Qxe3+ 35. Kg2 Qe2+ 36. Kg1 Qe1+ 1/2-1/2